=LDR 00000nam 2200000 4500 =001 INLIS000000000005505 =005 20130612093742 =008 ***********************************Ind** =035 ##$$0010-061300000005505 =041 ##$$a Ind =082 ##$$a 132.909 598 24 =090 ##$$a 132.909 598 24, Pen p =245 ##$$a Pengkajian nilai-nilai luhur budaya spiritual bangsa daerah Jawa Timur jil.2, Drs. Suharyanto .. [et al.] =260 ##$$a 1991 $b Jakarta =300 ##$$a 174 hlm., 21 cm =650 ##$$a Spiritualisme - Jatim =700 ##$$a Suharyanto =850 ##$$a NBPNMAT